Presidents Who Had Multiple Vice Presidents - Statistics

General Stats
  • This quiz has been taken 485 times
    62 since last reset
  • The average score is 20 of 30
Answer Stats
Answer % Correct
Franklin D. Roosevelt
91%
Thomas Jefferson
91%
Donald Trump
89%
Richard Nixon
89%
Theodore Roosevelt
89%
Grover Cleveland
87%
Abraham Lincoln
85%
Gerald Ford
83%
Harry S. Truman
83%
James Madison
83%
JD Vance
81%
Mike Pence
81%
Andrew Johnson
79%
Andrew Jackson
77%
William McKinley
77%
Aaron Burr
75%
Spiro Agnew
74%
Ulysses S. Grant
74%
George Clinton
62%
Martin van Buren
58%
Henry Wilson
45%
Hannibal Hamlin
43%
John Nance Garner
43%
John C. Calhoun
42%
Henry A. Wallace
38%
Adlai Stevenson (I)
36%
Schuyler Colfax
34%
Elbridge Gerry
32%
Garret Hobart
30%
Thomas A. Hendricks
28%
No matching quizzes found
Score Distribution
Percent of People with Each Score
Percentile by Number Answered
Your Score History
You have not taken this quiz since the last reset